00561nam a22001697a 450000500170000001000130001702000130003003500130004303700090005608200110006510000630007624500880013924600610022726000380028827000430032630000220036920191211154153.0 aA-442817 c50.00a- aA-442817 bBPPD a270.33 aنظا م ا لد ين ا و لياء محبو ب الہی aسير ت نظا می cنظا م ا لد ين ا و لياء محبو ب الہی  aSirat-e-Nazami (Urdu)bNizamuddin Aulia Mehboob-e-Ilahi aN.Delhic1990 ء bRoohani Markaz aDargah Nizamuddin AoliabN.Delhik-e- a242 صc22 cm(hb)